| 000 | 00585nam a2200217Ia 4500 | ||
|---|---|---|---|
| 005 | 20250508163906.0 | ||
| 008 | 008 250505s9999 xx 000 0 eng d | ||
| 020 | _a81-7391-401-X | ||
| 037 | _aTextual | ||
| 040 |
_aFEDL _beng _cFEDL |
||
| 041 |
_aeng _2eng |
||
| 084 |
_a126, SHA _qFEDL |
||
| 100 | _aSharma R P | ||
| 245 | 0 | _aHuman personality in ancient Indian thought | |
| 260 |
_aNew Delhi, India _bKanishka Publishers _c2001 |
||
| 300 | _axiv,136p | ||
| 365 |
_aINR _b300 |
||
| 650 | _aPhilosophy | ||
| 942 |
_cTEXL _h126, SHA |
||
| 999 |
_c1385817 _d1385817 |
||